01141nam a2200217Ia 4500008004100000020001500041050002300056100002800079243007400107245019500181260003500376300003500411500007900446500009700525505013100622650002700753700002600780700004100806700003800847700003800885120626s2003 mx 000 0 spa d a970104021X aRC467b C6441 2003 aCompas, Bruce E.eAutor aIntroduction to clinical psychology : science and practicelEspañol aIntroducción a la psicología clínica: Ciencia y práctica c/ Bruce E. Compas, Ian H. Gotlib ; traducción de Gacriel Negore Cázarez, Jorge Yescas Milanéz, Fernando Ortiz Salinas aMéxico b: McGraw Hillc2003 a561 páginasb: ilustraciones atraducción de Introduction to clinical psychology : science and practice aIncluye: Glosario pp 456-470, Bibliografía [Referencias] pp.471-525, Índices pp 529-561. aIntroducción al área Evaluación psicológica Intervención psicológica: Promoción, prevención y psicoterapia  aPSICOLOGÍA CLÍNICA aIan H. Gotlib eautor aGacriel Negore Cázarez etraductor aJorge Yescas Milanézetraductor aFernando Ortiz Salinasetraductor